[Event "Madrid-ch"]
[Site "Madrid"]
[Date "2015.02.11"]
[Round "6"]
[White "Lopez Oneto, Manuel"]
[Black "Clemares Marquerie, David"]
[Result "0-1"]
[WhiteElo "1855"]
[BlackElo "1693"]
[PlyCount "80"]
[EventDate "2015.02.02"]
[EventType "swiss"]
[EventRounds "9"]
[EventCountry "ESP"]
[SourceTitle "CBM 164 Extra"]
[Source "ChessBase"]
[SourceDate "2015.03.02"]
[SourceVersion "1"]
[SourceVersionDate "2015.03.02"]
[SourceQuality "1"]

1. e4 d5 2. exd5 Nf6 3. d4 Nxd5 4. Nf3 e6 5. g3 Nc6 6. Bg2 g6 7. 0-0 Bg7 8. c3 0-0 9. Re1 Re8 10. Nbd2 a6 11. Nc4 Rb8 12. Bg5 f6 13. Bd2 b5 14. Ne3 Nce7 15. a3 Nxe3 16. Bxe3 Nd5 17. Bd2 c6 18. Rc1 Bd7 19. Ra1 a5 20. Qc2 Qb6 21. h4 c5 22. dxc5 Qxc5 23. Nd4 a4 24. Qd3 Kf7 25. Rad1 Rbd8 26. Qf1 Nb6 27. Bf3 Nc4 28. Bc1 e5 29. Nc2 Bf5 30. Nb4 Rxd1 31. Rxd1 e4 32. Rd5 Qb6 33. Rxf5 gxf5 34. Bh5+ Kf8 35. Bxe8 Kxe8 36. Nd5 Qc5 37. Qd1 Kf8 38. Nf4 Qd6 39. Qxd6+ Nxd6 40. Ne6+ Kf7 0-1

[Event "Madrid-ch"]
[Site "Madrid"]
[Date "2015.02.04"]
[Round "3"]
[White "Clemares Marquerie, David"]
[Black "Baeza Escudero, Javier"]
[Result "0-1"]
[WhiteElo "1693"]
[BlackElo "1922"]
[PlyCount "68"]
[EventDate "2015.02.02"]
[EventType "swiss"]
[EventRounds "9"]
[EventCountry "ESP"]
[SourceTitle "CBM 164 Extra"]
[Source "ChessBase"]
[SourceDate "2015.03.02"]
[SourceVersion "1"]
[SourceVersionDate "2015.03.02"]
[SourceQuality "1"]

1. e4 c5 2. Nf3 d6 3. d4 cxd4 4. Nxd4 Nf6 5. Nc3 a6 6. h3 e5 7. Nf3 h6 8. Be3 Be6 9. Qd2 Nbd7 10. Be2 Rc8 11. a3 b5 12. Rc1 Be7 13. 0-0 Nb6 14. Rfd1 Nc4 15. Bxc4 Rxc4 16. Qd3 Qa8 17. Nd2 Rc8 18. Nb3 Bc4 19. Qd2 Nxe4 20. Nxe4 Qxe4 21. Qa5 0-0 22. Nd2 Qb7 23. Nxc4 Rxc4 24. b3 Rc6 25. c4 Rfc8 26. cxb5 axb5 27. Rxc6 Rxc6 28. Rd5 Rc1+ 29. Bxc1 Qxd5 30. Qc3 e4 31. Be3 Bf6 32. Qb4 Be5 33. g3 Qd3 34. Kh2 Bc3 0-1

[Event "Madrid-ch"]
[Site "Madrid"]
[Date "2015.02.03"]
[Round "2"]
[White "Montejano Siguero, Sonia"]
[Black "Clemares Marquerie, David"]
[Result "0-1"]
[WhiteElo "1521"]
[BlackElo "1693"]
[PlyCount "76"]
[EventDate "2015.02.02"]
[EventType "swiss"]
[EventRounds "9"]
[EventCountry "ESP"]
[SourceTitle "CBM 164 Extra"]
[Source "ChessBase"]
[SourceDate "2015.03.02"]
[SourceVersion "1"]
[SourceVersionDate "2015.03.02"]
[SourceQuality "1"]

1. d4 Nf6 2. c4 g6 3. Nf3 Bg7 4. Nc3 d6 5. Bg5 0-0 6. e3 h6 7. Bh4 Nbd7 8. Be2 e5 9. dxe5 Nxe5 10. Nxe5 dxe5 11. 0-0 Be6 12. Qxd8 Rfxd8 13. Bg3 Nd7 14. e4 Nb6 15. b3 c6 16. Rac1 f5 17. exf5 gxf5 18. h3 a5 19. Bh5 Bf6 20. Rfe1 Bg5 21. Rcd1 Rxd1 22. Rxd1 f4 23. Bh2 Bf5 24. g4 Bc2 25. Re1 Bf6 26. Ne4 Bxe4 27. Rxe4 a4 28. Bxf4 exf4 29. Rxf4 axb3 30. axb3 Ra1+ 31. Kg2 Kg7 32. c5 Nd5 33. Ra4 Rb1 34. Ra7 Rxb3 35. Be8 Be7 36. Bd7 Bxc5 37. Bxc6 Nf4+ 38. Kh1 Bxa7 0-1

[Event "Madrid-ch U18 1415"]
[Site "Madrid"]
[Date "2015.01.03"]
[Round "6"]
[White "Clemares Marquerie, David"]
[Black "Carrasco Coquillat, Alvaro"]
[Result "1-0"]
[WhiteElo "1693"]
[BlackElo "1459"]
[PlyCount "122"]
[EventDate "2014.12.26"]
[EventType "swiss"]
[EventRounds "7"]
[EventCountry "ESP"]
[SourceTitle "EXT 2018"]
[Source "ChessBase"]
[SourceDate "2017.10.13"]
[SourceVersion "1"]
[SourceVersionDate "2017.10.13"]
[SourceQuality "1"]

1. e4 g6 2. d4 Bg7 3. c4 d6 4. Nc3 Nd7 5. Nf3 e5 6. Bg5 f6 7. Be3 Ne7 8. d5 0-0 9. Bd3 f5 10. Ng5 Nb6 11. c5 f4 12. cxb6 fxe3 13. bxc7 exf2+ 14. Kf1 Qxc7 15. Nf3 Qb6 16. Qe2 h6 17. Qxf2 Qxf2+ 18. Kxf2 g5 19. h3 Ng6 20. Ke3 Nf4 21. Bf1 Bd7 22. Ne2 Rac8 23. g3 Nxe2 24. Bxe2 Rf7 25. g4 Rcf8 26. h4 Bxg4 27. Nxg5 hxg5 28. Bxg4 Rf2 29. Be6+ Kh7 30. hxg5+ Kg6 31. Bf5+ R2xf5 32. exf5+ Rxf5 33. Rac1 Rxg5 34. Rcg1 Rxg1 35. Rxg1+ Kf6 36. Ke4 a6 37. Rc1 Bh6 38. Rc7 a5 39. Rd7 Bf8 40. Rxb7 Be7 41. Ra7 Bd8 42. Ra8 Ke7 43. Ra7+ Ke8 44. Kf5 Bb6 45. Rb7 Bc5 46. Rb5 Bd4 47. Ke6 Kf8 48. Rb8+ Kg7 49. Kxd6 e4 50. Re8 e3 51. Re4 Bb6 52. Kc6 Ba7 53. Re6 Kf7 54. Kd6 Bb8+ 55. Kc5 Bf4 56. Kd4 Bg5 57. Rxe3 Bxe3+ 58. Kxe3 Ke7 59. Kd4 Kd6 60. Kc4 Kd7 61. Kc5 Kc7 1-0

[Event "Madrid-ch U18 1415"]
[Site "Madrid"]
[Date "2015.01.02"]
[Round "5"]
[White "Sanchez Sanz, Alejandro"]
[Black "Clemares Marquerie, David"]
[Result "1-0"]
[WhiteElo "1726"]
[BlackElo "1693"]
[PlyCount "41"]
[EventDate "2014.12.26"]
[EventType "swiss"]
[EventRounds "7"]
[EventCountry "ESP"]
[SourceTitle "EXT 2018"]
[Source "ChessBase"]
[SourceDate "2017.10.13"]
[SourceVersion "1"]
[SourceVersionDate "2017.10.13"]
[SourceQuality "1"]

1. e4 d5 2. exd5 Nf6 3. d4 Nxd5 4. c4 Nb4 5. Qa4+ N8c6 6. d5 b5 7. cxb5 Nd4 8. Na3 e5 9. dxe6 Qh4 10. b6+ c6 11. exf7+ Kd8 12. Qd1 Qe4+ 13. Be3 Bc5 14. Nf3 Bg4 15. Be2 Bxf3 16. gxf3 Qd5 17. Rg1 axb6 18. Rxg7 Rxa3 19. Bxd4 Nd3+ 20. Bxd3 Rxd3 21. Qxd3 1-0